Viajero en el recuerdo : (Registro nro. 17684)
[ vista simple ]
| 000 -CABECERA | |
|---|---|
| campo de control de longitud fija | 00979cam a2200277 a 4500 |
| 001 - NÚMERO DE CONTROL | |
| campo de control | 000018163 |
| 005 - FECHA Y HORA DE LA ÚLTIMA TRANSACCIÓN | |
| campo de control | 20240422104515.0 |
| 008 - DATOS DE LONGITUD FIJA--INFORMACIÓN GENERAL | |
| campo de control de longitud fija | 790215s1976 cr 001 0 spa d |
| 040 ## - FUENTE DE LA CATALOGACIÓN | |
| Centro catalogador/agencia de origen | DO-SdBNP |
| Lengua de catalogación | spa |
| Centro/agencia transcriptor | DLC |
| Centro/agencia modificador | BNPHU |
| 082 ## - NÚMERO DE LA CLASIFICACIÓN DECIMAL DEWEY | |
| Número de clasificación | Ch860.44 |
| Número de documento/Ítem | B142v |
| 049 ## - FONDOS LOCALES (OCLC) | |
| Fondos de biblioteca | BNGR |
| 100 1# - ENTRADA PRINCIPAL--NOMBRE DE PERSONA | |
| Nombre de persona | Baeza Flores, Alberto, |
| Fechas asociadas al nombre | 1914-1998 |
| 9 (RLIN) | 7565 |
| 245 10 - MENCIÓN DE TÍTULO | |
| Título | Viajero en el recuerdo : |
| Resto del título | memorias en una tercera dimensión / |
| Mención de responsabilidad, etc. | Alberto Baeza Flores. |
| 260 ## - PUBLICACIÓN, DISTRIBUCIÓN, ETC. | |
| Lugar de publicación, distribución, etc. | San José, Costa Rica : |
| Nombre del editor, distribuidor, etc. | Ediciones Época y Ser, |
| Fecha de publicación, distribución, etc. | 1976. |
| 300 ## - DESCRIPCIÓN FÍSICA | |
| Extensión | 391 p. : |
| Otras características físicas | il. ; |
| Dimensiones | 22 cm. |
| 490 1# - MENCIÓN DE SERIE | |
| Mención de serie | Narradores de hispanoamerica |
| 490 1# - MENCIÓN DE SERIE | |
| Mención de serie | Poetas hispanoamericanos |
| 490 1# - MENCIÓN DE SERIE | |
| Mención de serie | Tiempos de ahora |
| 650 #4 - PUNTO DE ACCESO ADICIONAL DE MATERIA--TÉRMINO DE MATERIA | |
| Término de materia o nombre geográfico como elemento de entrada | Literatura chilena |
| 9 (RLIN) | 3164 |
| 651 #4 - PUNTO DE ACCESO ADICIONAL DE MATERIA--NOMBRE GEOGRÁFICO | |
| Nombre geográfico | Chile |
| Subdivisión general | Coleccion De Escritos |
| 9 (RLIN) | 39356 |
| 650 #4 - PUNTO DE ACCESO ADICIONAL DE MATERIA--TÉRMINO DE MATERIA | |
| Término de materia o nombre geográfico como elemento de entrada | Poesía chilena |
| Subdivisión general | Colecciones |
| 9 (RLIN) | 39357 |
| 830 #0 - PUNTO DE ACCESO ADICIONAL DE SERIE-TÍTULO UNIFORME | |
| Título uniforme | Narradores de hispanoamerica ; |
| 9 (RLIN) | 39358 |
| 830 #0 - PUNTO DE ACCESO ADICIONAL DE SERIE-TÍTULO UNIFORME | |
| Título uniforme | Poetas hispanoamericanos ; |
| 9 (RLIN) | 17384 |
| 830 #0 - PUNTO DE ACCESO ADICIONAL DE SERIE-TÍTULO UNIFORME | |
| Título uniforme | Tiempos de ahora ; |
| 9 (RLIN) | 39359 |
| 910 ## - DATOS DE OPCIÓN DEL USUARIO (OCLC) | |
| Datos de opción del usuario | Catalogación por copia / LC |
| Estado de retiro | Estado de pérdida | Restricciones de uso | No para préstamo | Código de colección | Localización permanente | Ubicación/localización actual | Ubicación en estantería | Fecha de adquisición | Número de inventario | Total de préstamos | Signatura topográfica completa | Código de barras | Fecha visto por última vez | Precio válido a partir de | Tipo de ítem Koha |
|---|---|---|---|---|---|---|---|---|---|---|---|---|---|---|---|
| Monografías: Libros y Folletos | General | General | En catalogación | 16.04.2010 | LF1 | Ch860.44 B142v | 18163-10 | 25.06.2020 | 25.06.2020 | Préstamo en sala |
